Reality radio : (Record no. 28236)
[ view plain ]
| 000 -LEADER | |
|---|---|
| fixed length control field | 02193cam a22003375i 4500 |
| 001 - CONTROL NUMBER | |
| control field | 15921574 |
| 003 - CONTROL NUMBER IDENTIFIER | |
| control field | EG-ScBUE |
| 005 - DATE AND TIME OF LATEST TRANSACTION | |
| control field | 20200305134820.0 |
| 008 - FIXED-LENGTH DATA ELEMENTS--GENERAL INFORMATION | |
| fixed length control field | 090925s20102010ncug f s000 0 eng d |
| 020 ## - INTERNATIONAL STANDARD BOOK NUMBER | |
| International Standard Book Number | 9780807871027 (pbk. : alk. paper) |
| 035 ## - SYSTEM CONTROL NUMBER | |
| System control number | (OCoLC)ocn440562968 |
| 040 ## - CATALOGING SOURCE | |
| Original cataloging agency | DLC |
| Language of cataloging | eng |
| Description conventions | rda |
| Transcribing agency | DLC |
| Modifying agency | BTCTA |
| -- | YDXCP |
| -- | C#P |
| -- | CDX |
| -- | DLC |
| -- | EG-ScBUE |
| 082 04 - DEWEY DECIMAL CLASSIFICATION NUMBER | |
| Classification number | 070.194 |
| Item number | REA |
| Edition number | 22 |
| 245 00 - TITLE STATEMENT | |
| Title | Reality radio : |
| Remainder of title | telling true stories in sound / |
| Statement of responsibility, etc | John Biewen, editor, Alexa Dilworth, coeditor. |
| 264 #1 - PUBLICATION, DISTRIBUTION, ETC. (IMPRINT) | |
| Place of publication, distribution, etc | Chapel Hill : |
| Name of publisher, distributor, etc | The University of North Carolina Press ; |
| Place of publication, distribution, etc | [Durham, N.C.] : |
| Name of publisher, distributor, etc | in association with the Center for Documentary Studies, Duke University, |
| Date of publication, distribution, etc | [2010] |
| 264 #4 - PUBLICATION, DISTRIBUTION, ETC. (IMPRINT) | |
| Date of publication, distribution, etc | c2010 |
| 300 ## - PHYSICAL DESCRIPTION | |
| Extent | xii, 208 pages : |
| Other physical details | music ; |
| Dimensions | 24 cm. |
| 336 ## - CONTENT TYPE | |
| Content type term | text |
| Content type code | txt |
| Source | rdacontent |
| 337 ## - MEDIA TYPE | |
| Media type term | unmediated |
| Media type code | n |
| Source | rdamedia |
| 338 ## - CARRIER TYPE | |
| Carrier type term | volume |
| Carrier type code | nc |
| Source | rdacarrier |
| 490 0# - SERIES STATEMENT | |
| Series statement | Documentary arts and culture |
| 505 0# - FORMATTED CONTENTS NOTE | |
| Formatted contents note | Foreword / Rick Moody -- Introduction / John Biewen -- Are we on the air? / Chris Brookes -- That Jackie Kennedy moment / Scott Carrier -- Talking to strangers / The Kitchen Sisters -- No holes were drilled in the heads of animals in the making of this radio show / Jad Abumrad -- Harnessing luck as an industrial product / Ira Glass -- Covering home / Katie Davis -- What did she just say? / Damali Ayo -- Out there / Sherre DeLys -- Cigarettes and dance steps / Alan Hall -- Unreality radio / Natalie Kestecher -- Finding the poetry / Dmae Roberts -- Diaries and Detritus : one perfectionist's search for imperfection / Joe Richman -- Living history / Stephen Smith -- The voice and the place / Sandy Tolan -- Crossing borders / Maria Martin -- Adventurers in sound / Karen Michel -- Dressy girls / Lena Eckert-Erdheim -- Salt is flavor and other tips learned while cooking / Emily Botein -- Afterword : listen / Jay Allison. |
| 650 #7 - SUBJECT ADDED ENTRY--TOPICAL TERM | |
| Topical term or geographic name as entry element | Documentary radio programs. |
| Source of heading or term | BUEsh |
| 9 (RLIN) | 30845 |
| 650 #7 - SUBJECT ADDED ENTRY--TOPICAL TERM | |
| Topical term or geographic name as entry element | Documentary radio programs |
| General subdivision | Production and direction. |
| Source of heading or term | BUEsh |
| 9 (RLIN) | 30845 |
| 650 #7 - SUBJECT ADDED ENTRY--TOPICAL TERM | |
| Topical term or geographic name as entry element | Community radio. |
| Source of heading or term | BUEsh |
| 653 ## - INDEX TERM--UNCONTROLLED | |
| Resource For college | Communication and mass media |
| Arrived date list | March2020 |
| 655 ## - INDEX TERM--GENRE/FORM | |
| Form subdivision | Reading book |
| 9 (RLIN) | 34232 |
| 700 1# - ADDED ENTRY--PERSONAL NAME | |
| Personal name | Biewen, John, |
| Relator term | editor. |
| 700 1# - ADDED ENTRY--PERSONAL NAME | |
| Personal name | Dilworth, Alexa, |
| Relator term | editor. |
| 942 ## - ADDED ENTRY ELEMENTS (KOHA) | |
| Source of classification or shelving scheme | Dewey Decimal Classification |
| Koha item type | Book - Borrowing |
| Withdrawn status | Lost status | Source of classification or shelving scheme | Damaged status | Not for loan | Collection code | Home library | Current library | Shelving location | Date acquired | Source of acquisition | Total Checkouts | Total Renewals | Full call number | Barcode | Date last seen | Date checked out | Price effective from | Koha item type |
|---|---|---|---|---|---|---|---|---|---|---|---|---|---|---|---|---|---|---|
| Dewey Decimal Classification | Baccah | Central Library | Central Library | Lower Floor | 05/03/2020 | Purchase | 1 | 2 | 070.194 REA | 000048895 | 21/02/2026 | 03/02/2026 | 05/03/2020 | Book - Borrowing |